000 009643cama220015778i4500
999 _c275
_d275
020 _a9781523094356
050 _a HD57.7
_b.C26
100 _a Cashman, Kevin,
245 _aLeadership from the inside out :
_bbecoming a leader for life /
_c Kevin Cashman.
250 _a2nd ed.
260 _aSan Francisco
_bBerrett-Koehler
_c2008
300 _a215 p.
_bill.
_c23 cm
500 _aIncludes index.
505 _aPREFACE: HOW TO USE THIS BOOK ... FROM THE INSIDE-OUT; INTRODUCTION: THE BEGINNING OF THE JOURNEY; CHAPTER 1: PERSONAL MASTERY: Leading with Awareness and Authenticity; CHAPTER 2: PURPOSE MASTERY: Leading on Purpose; CHAPTER 3: INTERPERSONAL MASTERY: Leading through Synergy and Service; CHAPTER 4: CHANGE MASTERY: Leading with Agility; CHAPTER 5: RESILIENCE MASTERY: Leading with Energy; CHAPTER 6: BEING MASTERY: Leading with Presence; CHAPTER 7: ACTIOIN MASTERY: Leading through Coaching; CONCLUSION: THE JOURNEY CONTINUES; NOTES.
942 _cBK